| 000 | 01077nam a22002777a 4500 | ||
|---|---|---|---|
| 999 |
_c114308 _d114308 |
||
| 003 | dpl | ||
| 005 | 20181003141552.0 | ||
| 008 | 180703b xxu||||| |||| 00| 0 eng d | ||
| 010 | _aB-013968 | ||
| 020 | _c175.00 | ||
| 035 | _aB-013968, B-013975, B-236133 | ||
| 037 | _bCen Lib/Ret | ||
| 040 |
_aDPL _bHN _c0 |
||
| 082 |
_aउ _bसिंहरी |
||
| 100 |
_aसिंह, रीटा _956301 |
||
| 245 |
_aक्षितिज के उस पार / _cरीटा सिंह |
||
| 246 |
_aKshitij ke us paar / _bby Rita Singh |
||
| 260 |
_aनई दिल्ली _bमित्तल बुक एजेंसी _c2000 |
||
| 270 |
_a5, गोला मार्किट, दरयागंज _bनई दिल्ली _e110002 |
||
| 300 |
_a160पृ. _c21सेमी (सजिल्द) |
||
| 650 |
_aहिन्दी साहित्य _956302 |
||
| 650 |
_aहिन्दी उपन्यास _956303 |
||
| 650 |
_aHindi - literature _956304 |
||
| 650 |
_aHindi novel _956305 |
||
| 942 |
_2ddc _cHN _hउ _mसिंहरी |
||